Моделирование взрывозащищённого асинхронного двигателя для привода задвижки магистрального трубопровода; Современные техника и технологии; Т. 1

Détails bibliographiques
Parent link:Современные техника и технологии: сборник трудов XVI Международной научно-практической конференции студентов, аспирантов и молодых ученых, Томск, 12-16 апреля 2010 г/ Национальный исследовательский Томский политехнический университет (ТПУ).— , 2010
Т. 1.— 2010.— [С. 464-465]
Auteur principal: Прохоров А. В. Антон Викторович
Autres auteurs: Баклин В. С. (научный руководитель)
Résumé:Заглавие с титульного листа
Электронная версия печатной публикации
Langue:russe
Publié: 2010
Sujets:
Accès en ligne:http://www.lib.tpu.ru/fulltext/v/Conferences/2010/K04/104236.pdf
Format: Électronique Chapitre de livre
KOHA link:https://koha.lib.tpu.ru/cgi-bin/koha/opac-detail.pl?biblionumber=228636

MARC

LEADER 00000nla2a2200000 4500
001 228636
005 20240208094354.0
035 |a (RuTPU)RU\TPU\book\249115 
035 |a RU\TPU\book\249109 
090 |a 228636 
100 |a 20121220d2010 k y0rusy50 ca 
101 0 |a rus 
102 |a RU 
105 |a y z 101zy 
135 |a drnn ---uucaa 
181 0 |a i  
182 0 |a b 
200 1 |a Моделирование взрывозащищённого асинхронного двигателя для привода задвижки магистрального трубопровода  |f А. В. Прохоров  |g науч. рук. В. С. Баклин 
203 |a Текст  |c электронный 
215 |a 1 файл (243 Кб) 
300 |a Заглавие с титульного листа 
300 |a Электронная версия печатной публикации 
337 |a Adobe Reader 
461 0 |0 (RuTPU)RU\TPU\book\245271  |t Современные техника и технологии  |o сборник трудов XVI Международной научно-практической конференции студентов, аспирантов и молодых ученых, Томск, 12-16 апреля 2010 г  |o в 3 т.  |f Национальный исследовательский Томский политехнический университет (ТПУ)  |d 2010 
463 0 |0 (RuTPU)RU\TPU\book\245275  |t Т. 1  |v [С. 464-465]  |d 2010  |p [511 с.] 
610 1 |a асинхронные двигатели 
610 1 |a взрывозащищенные электродвигатели 
610 1 |a моделирование 
610 1 |a магистральные трубопроводы 
610 1 |a задвижки 
610 1 |a приводы 
610 1 |a электронный ресурс 
700 1 |a Прохоров  |b А. В.  |c специалист в области электроэнергетики  |c исполняющий обязанности руководителя, доцент, заместитель директора по учебной работе Томского политехнического университета, кандидат технических наук   |f 1985-  |g Антон Викторович  |3 (RuTPU)RU\TPU\pers\27721  |9 12795 
702 1 |a Баклин  |b В. С.  |4 727 
801 1 |a RU  |b 63413507  |c 20121116 
801 2 |a RU  |b 63413507  |c 20160902  |g RCR 
856 4 |u http://www.lib.tpu.ru/fulltext/v/Conferences/2010/K04/104236.pdf 
942 |c CF